000 00649nam a2200241 a 4500
001 Rebiun02533158
003 AR-RoIUNI
005 20251002112826.0
008 930902s1980 sp 000 spa
017 _aM1052-1980
020 _a8426902049
040 _aSpMaUCPS
_cAR-RoIUNI
080 _a159.9
100 1 _aMailhiot, Bernard
245 1 0 _aDinamica y genesis de grupos /
_cBernard Mailhiot
250 _a[4a. ed.]
260 _aMadrid :
_bMarova,
_c1980
300 _a184 p. ;
_c21 cm
490 0 _aBiblioteca Marova de estudios del hombre ;
_v2
650 0 4 _aDinamica de grupos
650 0 4 _aPsicologia
_9108
942 _2cdu
_cBK
999 _c6308
_d6308